| 000 | 01124nam a2200313Ia 4500 | ||
|---|---|---|---|
| 005 | 20220317001845.0 | ||
| 008 | 170410s2016 ck a g 000 0 spa | ||
| 020 | _a9789588845609 | ||
| 041 | _aspa | ||
| 100 | 1 |
_aCastaño Mesa, Samuel _d1988- |
|
| 245 | 1 | 3 |
_aEl tiempo de mi casa / texto e iustraciones _bSamuel Castaño Mesa |
| 250 | _aPrimera edición | ||
| 264 | 1 |
_aMedellín _bTragaluz _c2016 |
|
| 300 |
_a[40] páginas _bilustraciones a color _c21 cm. |
||
| 336 |
_atexto _btxt _2rdacontent |
||
| 337 |
_asin mediación _bn _2rdamedia |
||
| 338 |
_avolumen _bnc _2rdacarrier |
||
| 500 | _aIncluye datos biográficos del autor | ||
| 650 | 1 | 4 |
_2LEMB _aÁlbumes infantiles colombianos _ySiglo XX |
| 650 | 1 | 4 |
_2LEMB _aLiteratura infantil colombiana _ySiglo XX |
| 650 | 1 | 4 |
_2LEMB _aMuerte _vÁlbum infantil |
| 650 | 1 | 4 |
_2LEMB _aRelación abuelo y nietos _vÁlbum infantil |
| 650 | 1 | 4 |
_2LEMB _aTiempo _vÁlbum infantil |
| 650 | 1 | 4 |
_2LEMB _aLibros ilustrados para niños |
| 700 | 1 |
_aCastaño Mesa, Samuel _d1988- _eilustrador _9105816 |
|
| 942 |
_2loc _cBKINF |
||
| 040 |
_aCO-BoRNBP _bspa _erda _cCO-BoRNBP |
||
| 084 | _aA CAS34 | ||
| 999 |
_c8323 _d8323 |
||